| 000 | 00348nam a2200109 4500 | ||
|---|---|---|---|
| 008 | 160702b xxu||||| |||| 00| 0 eng d | ||
| 100 |
_91828 _a Madhubun Educational books |
||
| 245 | _aEssays Letter Comprehension Passages & Reports. | ||
| 260 |
_aNew Delhi _bVikas _c1997 |
||
| 300 | _aEssays Letter Comprehension Passages & Reports. | ||
| 942 |
_2ddc _cBK |
||
| 999 |
_c1532 _d1532 |
||